000 00345 a2200121 4500
020 _a0434985554
082 _a001.642 MAY
100 _aMaynard, J.
245 _aComputer Programming Made Simple
_cJ. Maynard
250 _a2nd ed.
260 _aLondon
_bEnglish Language Society
_c1984
300 _axviii. 350p. :
_bill ., ;
_c21cm
650 _aComputer Programming Made Simple
999 _c149
_d149